Mis-Matched TV Characters Quiz Stats

 Plays Quiz Updated Nov 28, 2018

Support Sporcle.
Go Orange.
Score 0/30 Timer 03:00
5 Plays Today
% Correct
Everybody Loves Barone
92.1%
Breaking White
91.3%
SpongeBob Star
91.1%
The Big Bang Cooper
90.6%
Family Griffin
90.1%
The Fresh Prince of Banks
89.8%
Star Kirk
88.3%
Married... with Bundy
87.7%
Arrested Fünke
87.5%
Game of Stark
86.9%
Curb Your David
86.6%
I Love Ricardo
86.5%
30 Lemon
86.4%
Law & Briscoe
85.6%
Downton Crawley
84.7%
% Correct
All in the Bunker
84.2%
South Cartman
83.6%
Happy Cunningham
83%
The Cosby Huxtable
82.9%
3rd Rock from the Solomon
82.4%
Miami Tubbs
82.3%
Starsky & Brown
80.5%
Mad Draper
80.2%
Golden Nylund
77.8%
Three's Tripper
74.9%
The King of Heffernan
72.6%
King of the Dauterive
71.6%
The Odd Unger
71.5%
The West Bartlet
71.2%
Police Drebin
60.1%

You're not logged in!

Compare scores with friends on all Sporcle quizzes.
OR
Log In

From the Vault

Largest Countries Containing Each Letter

by hminion

These countries just got a little too big for the other letters.
Remove Ads.
Support Sporcle.
Get the best of Sporcle when you Go Orange. This ad-free experience offers more features, more stats, and more fun while also helping to support Sporcle. Thank you for becoming a member.

Show Comments

Extras

Top Quizzes Today


Score Distribution

Your Account Isn't Verified!

In order to create a playlist on Sporcle, you need to verify the email address you used during registration. Go to your Sporcle Settings to finish the process.

Report this User

Report this user for behavior that violates our Community Guidelines.

Details: